[Event "Amagermesterskabet 2009"]
[Site "Sundbyoster"]
[Date "2009.09.15"]
[Round "3"]
[White "Kokholm, Daniel"]
[Black "Friis, Jordy"]
[Result "0-1"]
[WhiteElo "1899"]
[BlackElo "1548"]
[PlyCount "108"]
[EventDate "2009.??.??"]

1. d4 d5 2. e4 c6 3. Nc3 dxe4 4. Bc4 Nf6 5. f3 Bf5 6. g4 Bg6 7. g5 Nd5 8. Nxe4
b5 9. Bd3 Nd7 10. Qe2 e6 11. c3 Qc7 12. a4 b4 13. c4 Nf4 14. Bxf4 Qxf4 15. Nh3
Qh4+ 16. Nhf2 Bxe4 17. Bxe4 Qxg5 18. Bxc6 O-O-O 19. c5 Nb8 20. Qe4 Nxc6 21.
Qxc6+ Kb8 22. Qe4 Rd5 23. Nd3 a5 24. h4 Qf6 25. Ne5 Kc7 26. f4 Be7 27. O-O-O
Rhd8 28. h5 h6 29. Kc2 Qf5 30. Qxf5 exf5 31. Nxf7 R8d7 32. Ne5 Rd8 33. Nf3 Bf6
34. Rhg1 R8d7 35. Kb3 Bxd4 36. Rxd4 Rxd4 37. Nxd4 Rxd4 38. Rxg7+ Kc6 39. Rg6+
Kxc5 40. Rxh6 Rxf4 41. Ra6 Rf3+ 42. Kc2 b3+ 43. Kd2 Kb4 44. Ke2 Rh3 45. h6 Kxa4
46. Rb6 Rh2+ 47. Kf3 Rxb2 48. Kg3 Rc2 49. Kf4 Rh2 50. Kxf5 Ka3 51. Kg6 b2 52.
h7 Ka2 53. Kg7 Rxh7+ 54. Kxh7 b1=Q+ 0-1

[Event "Amagermesterskabet 2009"]
[Site "Sundbyoster"]
[Date "2009.09.15"]
[Round "3"]
[White "Haagen Larsen, Hans"]
[Black "Andersen, Henrik Hauge"]
[Result "0-1"]
[WhiteElo "1652"]
[BlackElo "1731"]
[PlyCount "101"]
[EventDate "2009.??.??"]

1. d4 d5 2. Nf3 Nf6 3. Bf4 e6 4. e3 Bd6 5. Ne5 O-O 6. Nd2 Nbd7 7. c3 Qe7 8. Be2
c6 9. a4 a5 10. O-O Ne8 11. c4 f6 12. Nxd7 Bxd7 13. Bxd6 Qxd6 14. c5 Qc7 15. f4
e5 16. fxe5 fxe5 17. Qb3 Nf6 18. Nf3 exd4 19. exd4 Ne4 20. Rad1 Rae8 21. Qc2
Qf4 22. Bd3 Bg4 23. Rde1 Nf6 24. Rxe8 Rxe8 25. Qf2 Bxf3 26. gxf3 Re3 27. Bf5
Qxd4 28. Kg2 Qe5 29. f4 Qe7 30. Kh1 Re2 31. Qd4 Re1 32. Kg2 Re2+ 33. Rf2 Rxf2+
34. Kxf2 Kf7 35. Bc8 Ne4+ 36. Kf3 Kg8 37. f5 Ng5+ 38. Kf2 Qc7 39. Be6+ Nxe6 40.
fxe6 Qe7 41. b4 Qf6+ 42. Ke3 Qxd4+ 43. Kxd4 axb4 44. Ke5 Kf8 45. Kd6 Ke8 46.
Kc7 b3 47. Kxb7 b2 48. Kxc6 d4 49. Kd6 b1=Q 50. c6 Qb8+ 51. c7 0-1

[Event "Amagermesterskabet 2009"]
[Site "Sundbyoster"]
[Date "2009.09.15"]
[Round "3"]
[White "Larsen, Julie"]
[Black "Falkesgaard, Jorgen"]
[Result "0-1"]
[WhiteElo "1261"]
[BlackElo "1773"]
[PlyCount "94"]
[EventDate "2009.??.??"]

1. e4 e5 2. Nf3 Nc6 3. Bb5 a6 4. Ba4 Nf6 5. Nc3 b5 6. Bb3 Be7 7. O-O O-O 8. d3
d6 9. Be3 Na5 10. d4 Nxb3 11. axb3 exd4 12. Nxd4 Bb7 13. f3 Nd7 14. Nd5 Bf6 15.
Nxf6+ Qxf6 16. c4 bxc4 17. bxc4 Rfb8 18. b3 Bc8 19. Rb1 Ne5 20. f4 Ng4 21. Bc1
Bb7 22. Re1 Qh4 23. h3 Qf2+ 24. Kh1 Qa2 25. Rb2 Qxb2 26. Bxb2 Nf2+ 27. Kh2 Nxd1
28. Rxd1 Bxe4 29. Re1 f5 30. Re3 c5 31. Ne6 Rb7 32. Rg3 g6 33. h4 Rab8 34. Bc3
Re8 35. Ng5 Rxb3 36. h5 Bc6 37. hxg6 hxg6 38. Rh3 Rxc3 39. Rxc3 Re2 40. Ra3 a5
41. Kh3 a4 42. Kh4 Rxg2 43. Re3 Rg4+ 44. Kh3 Rxf4 45. Rc3 Rg4 46. Ne6 Bg2+ 47.
Kh2 Bf1 0-1

[Event "Amagermesterskabet 2009"]
[Site "Sundbyoster"]
[Date "2009.09.15"]
[Round "3"]
[White "Lunding, Peter M"]
[Black "Hestehauge, Klaus"]
[Result "1/2-1/2"]
[WhiteElo "1933"]
[BlackElo "1925"]
[PlyCount "43"]
[EventDate "2009.??.??"]

1. d4 Nf6 2. Nf3 d5 3. Bg5 e6 4. e3 Be7 5. Bd3 Nbd7 6. O-O O-O 7. Nbd2 b6 8.
Qe2 Bb7 9. c3 Ne4 10. Bxe7 Qxe7 11. Ne5 Nxe5 12. dxe5 Nxd2 13. Qxd2 Rfd8 14. f4
f5 15. exf6 Qxf6 16. Qe2 c5 17. Rad1 Rf8 18. Rf3 e5 19. fxe5 Qxe5 20. Rdf1 g6
21. Qf2 Qe7 22. Rxf8+ 1/2-1/2

[Event "Amagermesterskabet 2009"]
[Site "Sundbyoster"]
[Date "2009.09.15"]
[Round "3"]
[White "Moller, Arne Vagn"]
[Black "Svensson, John Michael"]
[Result "1-0"]
[WhiteElo "1735"]
[BlackElo "1514"]
[PlyCount "57"]
[EventDate "2009.??.??"]

1. e4 d6 2. d4 Nf6 3. Nc3 Nc6 4. h3 e5 5. Nf3 Bd7 6. d5 Ne7 7. Bc4 h6 8. Qe2 c6
9. dxc6 Nxc6 10. Be3 a6 11. Nd5 Nxd5 12. Bxd5 Be7 13. c3 O-O 14. Qd2 Kh7 15. g4
Be6 16. Qd3 Qd7 17. O-O-O b5 18. Kb1 b4 19. c4 f6 20. Nh4 g5 21. Nf5 Bxf5 22.
gxf5 Rac8 23. Rdg1 Nd8 24. h4 Nf7 25. Bc1 Qd8 26. Qh3 Rc5 27. Bxf7 Rxf7 28.
hxg5 Rg7 29. Qxh6+ 1-0

[Event "Amagermesterskabet 2009"]
[Site "Sundbyoster"]
[Date "2009.09.15"]
[Round "3"]
[White "Madsen, Poul Henrik"]
[Black "Varming, Thomas"]
[Result "1/2-1/2"]
[WhiteElo "2015"]
[BlackElo "1760"]
[PlyCount "114"]
[EventDate "2009.??.??"]

1. Nf3 Nf6 2. d4 g6 3. Bf4 Bg7 4. e3 d6 5. h3 O-O 6. Be2 Nbd7 7. O-O c5 8. c3
b6 9. Nbd2 Bb7 10. Qb1 Rc8 11. a4 Bc6 12. Bh2 Qc7 13. Rc1 Qb7 14. Ne1 cxd4 15.
cxd4 Ne4 16. Qd3 Ndf6 17. Bf3 Nxd2 18. Qxd2 Bxf3 19. Nxf3 Rxc1+ 20. Rxc1 Rc8
21. Ne1 Rc6 22. f3 Bh6 23. Kf2 Nd5 24. f4 Nf6 25. Kg1 Rxc1 26. Qxc1 Qe4 27. Bg3
Nd5 28. Bf2 Bf8 29. Qc2 Qxc2 30. Nxc2 e6 31. Kf1 Nf6 32. Na3 d5 33. Nb5 a5 34.
Nc7 Bd6 35. Nb5 Be7 36. Bh4 Kf8 37. Bxf6 Bxf6 38. g4 g5 39. Ke2 gxf4 40. exf4
Bd8 41. g5 Kg7 42. Kf3 Kg6 43. Kg4 f6 44. h4 f5+ 45. Kh3 Kh5 46. Kg3 Kg6 47.
Nd6 Be7 48. Ne8 Bd8 49. h5+ Kf7 50. Nd6+ Ke7 51. Nb5 Kf7 52. Kf3 Be7 53. Ke3
Bd8 54. Na7 Bc7 55. Kf3 Bb8 56. Nb5 Kg7 57. Nc3 Bd6 1/2-1/2

[Event "Amagermesterskabet 2009"]
[Site "Sundbyoster"]
[Date "2009.09.15"]
[Round "3"]
[White "Nielsen, Bjorn"]
[Black "Larsen, Kim"]
[Result "0-1"]
[WhiteElo "1000"]
[BlackElo "1593"]
[PlyCount "120"]
[EventDate "2009.??.??"]

1. d4 d5 2. Nf3 g6 3. e3 Bg7 4. Nc3 b6 5. Be2 Bb7 6. O-O e6 7. Re1 Ne7 8. Bd3
c5 9. Bb5+ Nd7 10. Ne5 Bxe5 11. Bxd7+ Qxd7 12. dxe5 O-O-O 13. a4 Nc6 14. f4 a6
15. b3 d4 16. Ne4 dxe3 17. Qxd7+ Rxd7 18. Bxe3 Nb4 19. Nd6+ Rxd6 20. exd6 Nxc2
21. d7+ Kd8 22. Kf2 Nxe1 23. Rxe1 Kxd7 24. g3 Rd8 25. Bc1 Kc6 26. Re3 Rd1 27.
Bb2 Rd2+ 28. Re2 Rxe2+ 29. Kxe2 Kd5 30. Kd3 Bc6 31. Bf6 b5 32. a5 b4 33. Ke3 c4
34. bxc4+ Kxc4 35. Kd2 Kb5 36. Bd8 f6 37. Bc7 e5 38. fxe5 fxe5 39. Bb6 Kc4 40.
Bc7 e4 41. Bb6 Kb3 42. Kc1 Ka2 43. h4 b3 44. Bd4 e3 45. Kd1 b2 46. Bxb2 Kxb2
47. Ke2 Kb3 48. Kxe3 Ka4 49. Kd3 Kxa5 50. Kc3 Kb5 51. g4 Kc5 52. g5 Kd5 53. Kb4
Ke5 54. Ka5 Kf5 55. Kxa6 Kg4 56. Kb6 Ba8 57. Kc5 Kxh4 58. Kd6 Kxg5 59. Ke6 h5
60. Kf7 h4 0-1

[Event "Amagermesterskabet 2009"]
[Site "Sundbyoster"]
[Date "2009.09.15"]
[Round "3"]
[White "Nielsen, Mogens Bach"]
[Black "Mollmann, Erik"]
[Result "1-0"]
[WhiteElo "1831"]
[BlackElo "1459"]
[PlyCount "61"]
[EventDate "2009.??.??"]

1. d4 d5 2. c4 Bf5 3. Qb3 Nc6 4. cxd5 Nb8 5. Nc3 Nf6 6. f3 e6 7. e4 Bg6 8. dxe6
Qc8 9. Bc4 Be7 10. exf7+ Kf8 11. Be6 Nbd7 12. e5 Nh5 13. Nd5 Qd8 14. Ne2 c6 15.
Nxe7 Qxe7 16. Bd2 b6 17. Bxd7 Qxd7 18. e6 Qe7 19. d5 c5 20. Nf4 Bxf7 21. O-O
Bg6 22. Nxh5 Bxh5 23. Rad1 g5 24. d6 Qb7 25. Bxg5 Kg7 26. Qc3+ Kg8 27. d7 h6
28. d8=Q+ Rxd8 29. Rxd8+ Kh7 30. Qxh8+ Kg6 31. Qf6+ 1-0

[Event "Amagermesterskabet 2009"]
[Site "Sundbyoster"]
[Date "2009.09.15"]
[Round "3"]
[White "Petersen, Nils"]
[Black "Werner, Gert"]
[Result "1/2-1/2"]
[WhiteElo "1845"]
[BlackElo "1796"]
[PlyCount "108"]
[EventDate "2009.??.??"]

1. c4 g6 2. Nc3 Bg7 3. d4 d6 4. e4 Nf6 5. Nf3 O-O 6. Be2 e5 7. O-O Na6 8. h3
exd4 9. Nxd4 Nc5 10. f3 Nh5 11. Be3 Ne6 12. Qd2 Nxd4 13. Bxd4 Bxd4+ 14. Qxd4
Nf4 15. Qf2 Bxh3 16. Qg3 Nxe2+ 17. Nxe2 Be6 18. b3 f5 19. Nf4 Qf6 20. Nxe6 Qxe6
21. Rfe1 Rae8 22. exf5 Qxf5 23. Qf2 Qc5 24. Qxc5 dxc5 25. Rxe8 Rxe8 26. Rd1 Kf7
27. Rd5 c6 28. Rxc5 Ke6 29. Ra5 a6 30. Rg5 Rd8 31. Rg4 Rd2 32. Re4+ Kd6 33. Rh4
h5 34. g4 Ke5 35. gxh5 gxh5 36. Rxh5+ Kf4 37. Rh7 Kg3 38. Kf1 Kxf3 39. Ke1 Rxa2
40. Rxb7 Ke3 41. Re7+ Kd3 42. Re6 c5 43. Re5 Ra5 44. Re6 Kc3 45. Rb6 Ra3 46.
Rc6 Kxb3 47. Rxc5 Kb4 48. Rc6 a5 49. Kd2 a4 50. Kc2 Rc3+ 51. Kb2 a3+ 52. Kb1
Rb3+ 53. Ka1 Rc3 54. c5 Rxc5 1/2-1/2

[Event "Amagermesterskabet 2009"]
[Site "Sundbyoster"]
[Date "2009.10.02"]
[Round "3"]
[White "Sorensen, Rikke"]
[Black "Hansen, Benny"]
[Result "1-0"]
[WhiteElo "1300"]
[BlackElo "1218"]
[PlyCount "89"]
[EventDate "2009.??.??"]

1. d4 Nf6 2. c4 g6 3. Nf3 d6 4. Bg5 Bg7 5. e3 O-O 6. Nc3 Nbd7 7. Be2 c5 8. dxc5
Nxc5 9. O-O Bf5 10. Nd4 Qd7 11. Qd2 Nce4 12. Nxe4 Nxe4 13. Qa5 Nxg5 14. Rfd1
Ne4 15. f3 Ng5 16. e4 Be6 17. Qxg5 Rac8 18. b3 Rc5 19. Qe3 Qd8 20. Nxe6 fxe6
21. Rac1 Be5 22. g3 Qb6 23. f4 Bf6 24. a3 a5 25. Rb1 Rc6 26. Qxb6 Rxb6 27. b4
axb4 28. axb4 Kg7 29. c5 dxc5 30. bxc5 Rc6 31. e5 Bxe5 32. fxe5 Rxc5 33. Rxb7
Rf7 34. Rf1 Rxf1+ 35. Kxf1 Kf7 36. Rb5 Rxb5 37. Bxb5 h5 38. h4 g5 39. Be2 Kg6
40. Kg2 g4 41. Bd3+ Kf7 42. Kf2 Kg7 43. Ke3 Kf7 44. Kf4 Kg7 45. Kg5 1-0

[Event "Amagermesterskabet 2009"]
[Site "Sundbyoster"]
[Date "2009.09.29"]
[Round "4"]
[White "Justesen, Martin"]
[Black "Falkesgaard, Jorgen"]
[Result "0-1"]
[WhiteElo "1557"]
[BlackElo "1773"]
[PlyCount "107"]
[EventDate "2009.??.??"]

1. e4 e5 2. Nf3 Nc6 3. Bb5 a6 4. Ba4 Nf6 5. O-O b5 6. Bb3 Nxe4 7. Re1 d5 8. d3
Nf6 9. Nxe5 Nxe5 10. Rxe5+ Be6 11. a4 Bd6 12. Re1 O-O 13. Bg5 h6 14. Bh4 b4 15.
h3 g5 16. Bg3 Bxg3 17. fxg3 Qd6 18. Qf3 Kg7 19. Rf1 Nd7 20. Nd2 f5 21. Rae1
Rae8 22. d4 Nf6 23. c3 Ne4 24. Nxe4 fxe4 25. Qe3 bxc3 26. Qxc3 Rxf1+ 27. Rxf1
Bf7 28. Re1 Rb8 29. Bd1 Qb4 30. Re2 Qxc3 31. bxc3 Rb1 32. Re1 Rc1 33. Kf2 Rxc3
34. Be2 Be8 35. Bxa6 Bxa4 36. Re3 Rxe3 37. Kxe3 Kf6 38. Bc8 Ke7 39. g4 Bd7 40.
Ba6 Kd6 41. Be2 c5 42. g3 c4 43. Kd2 Kc6 44. Kc3 Kb5 45. Bd1 Be8 46. Bc2 Ka5
47. Bd1 e3 48. Bf3 Bf7 49. Bg2 e2 50. Kd2 c3+ 51. Kxe2 Kb4 52. Kd1 Kc4 53. Bf1+
Kxd4 54. h4 0-1

[Event "Amagermesterskabet 2009"]
[Site "Sundbyoster"]
[Date "2009.09.29"]
[Round "4"]
[White "Andreasen, Rene"]
[Black "Larsen, Kim"]
[Result "0-1"]
[WhiteElo "1769"]
[BlackElo "1593"]
[PlyCount "143"]
[EventDate "2009.??.??"]

1. d4 d5 2. Nf3 c6 3. Nbd2 g6 4. e3 Bg7 5. Be2 b6 6. O-O Ba6 7. b4 Bxe2 8. Qxe2
e6 9. a4 Ne7 10. Ne5 Qd6 11. f4 Qxb4 12. Ba3 Qa5 13. Nb3 Qa6 14. Qxa6 Nxa6 15.
Bxe7 Kxe7 16. Nxc6+ Kd7 17. Ne5+ Ke7 18. Nd3 Rhc8 19. Rfc1 Rc3 20. a5 b5 21.
Rab1 Rac8 22. Kf1 Bf8 23. Nbc5 Nxc5 24. Nxc5 Ke8 25. Rb3 b4 26. Rxc3 bxc3 27.
Nb3 Kd7 28. Ke2 Kc6 29. Kd3 Kb5 30. Ra1 Bb4 31. g4 Rc6 32. h4 Ra6 33. g5 Bxa5
34. Nxa5 Rxa5 35. Rb1+ Kc6 36. Kxc3 Rb5 37. Ra1 a5 38. Rh1 Rb4 39. Ra1 Kb5 40.
Rc1 Rc4+ 41. Kd3 Rb4 42. Kc3 Rc4+ 43. Kd3 a4 44. c3 a3 45. Rb1+ Ka6 46. Kc2 a2
47. Ra1 Ra4 48. Kb2 Kb5 49. Kb3 Ra6 50. e4 Ra7 51. exd5 exd5 52. Rxa2 Re7 53.
Rf2 Re4 54. Kc2 Kc4 55. Kd2 f5 56. gxf6 Re6 57. Rf3 Rxf6 58. Ke2 Ra6 59. Kf2
Ra2+ 60. Kg3 Rc2 61. h5 Rxc3 62. Rxc3+ Kxc3 63. f5 gxf5 64. Kf4 Kxd4 65. Kxf5
Ke3 66. h6 d4 67. Kf6 d3 68. Kg7 d2 69. Kxh7 d1=Q 70. Kg8 Qd8+ 71. Kg7 Qg5+ 72.
Kh7 0-1

[Event "Amagermesterskabet 2009"]
[Site "Sundbyoster"]
[Date "2009.09.29"]
[Round "4"]
[White "Hansen, Benny"]
[Black "Mielow, Bjarne"]
[Result "1-0"]
[WhiteElo "1218"]
[BlackElo "1621"]
[PlyCount "91"]
[EventDate "2009.??.??"]

1. e4 e5 2. Nf3 d6 3. Nc3 Nf6 4. d3 Be7 5. Be3 O-O 6. Be2 c6 7. Qd2 Ng4 8. Bg5
Nf6 9. a3 h6 10. Bxf6 Bxf6 11. O-O-O a5 12. h4 b5 13. Na2 Be6 14. Kb1 Qb6 15.
Qe3 c5 16. Nd2 Nc6 17. g4 Nd4 18. g5 hxg5 19. hxg5 Bd8 20. Rdg1 g6 21. Bg4 Re8
22. Qh3 Kf8 23. Bxe6 Rxe6 24. Nc3 Ke8 25. Nd5 Qb7 26. Qg4 Kd7 27. Rh7 Kc8 28.
c3 Nc6 29. Qf3 Ra7 30. Qe3 b4 31. Kc2 bxa3 32. bxa3 a4 33. Rb1 Qd7 34. Rh8 Rb7
35. Nc4 Kb8 36. Ncb6 Rxb6 37. Nxb6 Qa7 38. Nc4+ Kc7 39. Qf3 Re7 40. Qf6 Rd7 41.
Qf3 Bxg5 42. Rb5 Bd8 43. Rh7 Kc8 44. Rxf7 Qa6 45. Nxd6+ Rxd6 46. Qg4+ 1-0

[Event "Amagermesterskabet 2009"]
[Site "Sundbyoster"]
[Date "2009.09.29"]
[Round "4"]
[White "Hestehauge, Klaus"]
[Black "Jensen, Thore Nyboe"]
[Result "1/2-1/2"]
[WhiteElo "1925"]
[BlackElo "1989"]
[PlyCount "83"]
[EventDate "2009.??.??"]

1. d4 f5 2. Bg5 h6 3. Bh4 g6 4. Nc3 Bg7 5. e3 Nf6 6. Bxf6 Bxf6 7. Bd3 d6 8. g4
e6 9. gxf5 exf5 10. Qf3 Nc6 11. O-O-O Be6 12. Nge2 Bf7 13. Rhg1 Qd7 14. Nf4 Bg5
15. Ncd5 O-O-O 16. h4 Nxd4 17. Qh3 Nc6 18. h5 Ne5 19. hxg6 Nxd3+ 20. Rxd3 Bg8
21. Nh5 c6 22. Ndf4 Be6 23. Nxe6 Qxe6 24. g7 Rh7 25. f4 Bf6 26. Nxf6 Qxf6 27.
Qg3 Rg8 28. Qg6 Qxg6 29. Rxg6 d5 30. Rf6 Rgxg7 31. Rxf5 h5 32. Rd2 Rg1+ 33. Rd1
Rxd1+ 34. Kxd1 h4 35. Rg5 h3 36. Rg1 Kd7 37. Rh1 Ke6 38. Ke2 Kf5 39. Kf3 h2 40.
Kg3 Rg7+ 41. Kf3 Rh7 42. Kg2 1/2-1/2

[Event "Amagermesterskabet 2009"]
[Site "Sundbyoster"]
[Date "2009.09.29"]
[Round "4"]
[White "Larsen, Julie"]
[Black "Gade, Jens"]
[Result "0-1"]
[WhiteElo "1261"]
[BlackElo "1454"]
[PlyCount "80"]
[EventDate "2009.??.??"]

1. e4 c5 2. Nf3 d6 3. d4 cxd4 4. Nxd4 Nf6 5. Nc3 a6 6. Bd3 Qb6 7. Nf3 Bg4 8.
O-O e6 9. Na4 Qc6 10. b3 b5 11. Nc3 Qxc3 12. Be3 Qc6 13. Rc1 Nxe4 14. Re1 Nc3
15. Qd2 Bxf3 16. gxf3 Nxa2 17. Ra1 Nc3 18. Bf1 b4 19. Bg2 Be7 20. f4 d5 21. Bd4
O-O 22. Re3 Ne4 23. Qd3 Nd7 24. f3 Nef6 25. Ree1 Bc5 26. Bxc5 Qxc5+ 27. Kh1 a5
28. f5 e5 29. Rec1 Qc3 30. Qb5 Rfb8 31. Qe2 h6 32. h4 Qd4 33. Qe1 Rc8 34. Ra2
Qf4 35. Qf1 Qxh4+ 36. Kg1 Qf4 37. Bh3 Rc3 38. Bg2 Qxf5 39. Qe2 Qf4 40. Rf1 Qe3+
0-1

[Event "Amagermesterskabet 2009"]
[Site "Sundbyoster"]
[Date "2009.09.29"]
[Round "4"]
[White "Larsen, Ulrik Jejlskov"]
[Black "Sorensen, Rikke"]
[Result "1-0"]
[WhiteElo "1541"]
[BlackElo "1300"]
[PlyCount "25"]
[EventDate "2009.??.??"]

1. d4 d5 2. e3 Nf6 3. Bd3 e6 4. Nd2 c5 5. c3 c4 6. Bc2 Bd6 7. Ngf3 O-O 8. O-O
Nc6 9. Qe2 b5 10. e4 dxe4 11. Nxe4 Bb7 12. Nxf6+ Qxf6 13. Bg5 1-0

[Event "Amagermesterskabet 2009"]
[Site "Sundbyoster"]
[Date "2009.09.29"]
[Round "4"]
[White "Lunding, Peter M"]
[Black "Petersen, Nils"]
[Result "1/2-1/2"]
[WhiteElo "1933"]
[BlackElo "1845"]
[PlyCount "39"]
[EventDate "2009.??.??"]

1. d4 Nf6 2. Nf3 e6 3. Bg5 h6 4. Bh4 c5 5. e3 b6 6. c3 Be7 7. Bd3 Ba6 8. O-O
Bxd3 9. Qxd3 d5 10. Ne5 O-O 11. f4 Ne4 12. Bxe7 Qxe7 13. Nd2 Nxd2 14. Qxd2 g6
15. Rf3 Kh7 16. Qc2 f5 17. g4 Nd7 18. Nxd7 Qxd7 19. Rg3 Rg8 20. g5 1/2-1/2

[Event "Amagermesterskabet 2009"]
[Site "Sundbyoster"]
[Date "2009.09.29"]
[Round "4"]
[White "Moller, Arne Vagn"]
[Black "Nielsen, Mogens Bach"]
[Result "0-1"]
[WhiteElo "1735"]
[BlackElo "1831"]
[PlyCount "78"]
[EventDate "2009.??.??"]

1. e4 Nf6 2. e5 Nd5 3. d4 d6 4. Nf3 Bg4 5. exd6 Qxd6 6. c3 Nc6 7. h3 Bh5 8. Be2
e6 9. Na3 Qd7 10. Nc4 f6 11. a4 O-O-O 12. a5 a6 13. Qa4 Bd6 14. Bd2 Nf4 15.
Bxf4 Bxf4 16. b4 Qd5 17. Ne3 Bxe3 18. fxe3 e5 19. g4 Be8 20. Qa3 exd4 21. O-O-O
Qe4 22. cxd4 Bg6 23. Rd3 Qe7 24. Rb3 Bf7 25. Rb2 Rhe8 26. Kd2 Na7 27. Re1 Bd5
28. Qc3 Rd6 29. Qa3 Re6 30. Bd1 Nb5 31. Qd3 Be4 32. Qe2 Bxf3 33. Qxf3 Nxd4 34.
Qg3 Rd8 35. Kc1 Rc6+ 36. Kb1 Qe4+ 37. Ka1 Rc1+ 38. Ka2 Qd5+ 39. Bb3 Nxb3 0-1

[Event "Amagermesterskabet 2009"]
[Site "Sundbyoster"]
[Date "2009.09.29"]
[Round "4"]
[White "Mollmann, Erik"]
[Black "Kokholm, Daniel"]
[Result "0-1"]
[WhiteElo "1459"]
[BlackElo "1899"]
[PlyCount "80"]
[EventDate "2009.??.??"]

1. d4 Nc6 2. Bf4 d5 3. e3 Nf6 4. Nd2 Bf5 5. c3 e6 6. Ngf3 a6 7. Nh4 Bg4 8. Be2
Bxe2 9. Qxe2 Nd7 10. Nhf3 f5 11. Ne5 Ncxe5 12. dxe5 g6 13. Nf3 Bg7 14. Bg5 Qc8
15. Bf4 c6 16. O-O O-O 17. c4 Re8 18. Rac1 h6 19. h4 Kh7 20. b4 Nb6 21. c5 Nc4
22. Rxc4 dxc4 23. Qxc4 Qd7 24. Nd4 Qd5 25. Qe2 Bxe5 26. Bxe5 Qxe5 27. Rd1 Rad8
28. Nf3 Rxd1+ 29. Qxd1 Qd5 30. Qa1 e5 31. a4 Kg7 32. Qc3 Kf6 33. b5 axb5 34.
axb5 cxb5 35. Qb4 Qc4 36. Qa3 Rc8 37. Qa7 Qd5 38. Qb6+ Qc6 39. Qa7 Qa6 40. Qb6+
Qxb6 0-1

[Event "Amagermesterskabet 2009"]
[Site "Sundbyoster"]
[Date "2009.09.29"]
[Round "4"]
[White "Svensson, John Michael"]
[Black "Nielsen, Bjorn"]
[Result "1-0"]
[WhiteElo "1514"]
[BlackElo "1000"]
[PlyCount "69"]
[EventDate "2009.??.??"]

1. d4 d5 2. Nf3 Nf6 3. e3 e6 4. c4 Bb4+ 5. Bd2 Bxd2+ 6. Nbxd2 dxc4 7. Bxc4 O-O
8. Rc1 Re8 9. O-O b6 10. Ne5 Ba6 11. Qf3 Bxc4 12. Rxc4 Nbd7 13. Nc6 Qc8 14.
Rfc1 e5 15. dxe5 Nxe5 16. Nxe5 Rxe5 17. Rxc7 Qe8 18. Nb3 h6 19. Qh3 Qa4 20. Qg3
Ree8 21. Ra1 Red8 22. Nd4 Rxd4 23. exd4 Qxd4 24. Qb3 Qd5 25. Qc2 Qd8 26. Rc1
Qd5 27. Qb1 Qe5 28. Rc8+ Rxc8 29. Rxc8+ Ne8 30. b3 g6 31. Ra8 Qe7 32. Kf1 f6
33. Qc2 Kg7 34. Qc4 Nd6 35. Qg8# 1-0

[Event "Amagermesterskabet 2009"]
[Site "Sundbyoster"]
[Date "2009.09.29"]
[Round "4"]
[White "Varming, Thomas"]
[Black "Andersen, Henrik Hauge"]
[Result "1-0"]
[WhiteElo "1760"]
[BlackElo "1731"]
[PlyCount "91"]
[EventDate "2009.??.??"]

1. d4 d5 2. Nf3 Nf6 3. c4 e6 4. Nc3 c6 5. Bg5 Nbd7 6. e3 Qa5 7. Nd2 dxc4 8.
Bxf6 Nxf6 9. Bxc4 Bb4 10. Qb3 O-O 11. O-O Be7 12. Nf3 a6 13. Rac1 c5 14. Be2
Bd7 15. Ne5 cxd4 16. Nxd7 Nxd7 17. exd4 b5 18. Ne4 Qb6 19. d5 exd5 20. Qxd5 Nf6
21. Qe5 Rfe8 22. Bd3 Bd8 23. Qf5 g6 24. Qf3 Qd4 25. Rfe1 Qxb2 26. Nd6 Rxe1+ 27.
Rxe1 Qd2 28. Rd1 Qb4 29. Qxa8 Qxd6 30. Be2 Qe6 31. Qxd8+ Kg7 32. Qd2 h5 33. g3
b4 34. Bf3 a5 35. Bd5 Qh3 36. Bg2 Qe6 37. Qb2 Qg4 38. Rd6 Qf5 39. Qd4 Qb1+ 40.
Bf1 Qf5 41. h4 Qf3 42. Ra6 Qf5 43. Kg2 g5 44. Bd3 Qd5+ 45. Qxd5 Nxd5 46. Rxa5
1-0

[Event "Amagermesterskabet 2009"]
[Site "Sundbyoster"]
[Date "2009.09.29"]
[Round "4"]
[White "Werner, Gert"]
[Black "Madsen, Poul Henrik"]
[Result "0-1"]
[WhiteElo "1796"]
[BlackElo "2015"]
[PlyCount "152"]
[EventDate "2009.??.??"]

1. Nf3 d5 2. g3 c6 3. Bg2 Nf6 4. O-O Bf5 5. d3 e6 6. Nbd2 Bc5 7. Qe1 Na6 8. a3
h6 9. e4 Bh7 10. b4 Be7 11. Bb2 O-O 12. Qe2 Rc8 13. e5 Nd7 14. c4 Nc7 15. c5 b6
16. cxb6 axb6 17. Nd4 Nb8 18. Nc2 c5 19. bxc5 bxc5 20. f4 Nc6 21. Ne3 Nb5 22.
Nf3 Nbd4 23. Bxd4 Nxd4 24. Nxd4 cxd4 25. Nd1 Rc6 26. Bh3 Qc7 27. Ra2 Rb8 28. f5
exf5 29. Bxf5 Bxf5 30. Rxf5 Rb1 31. Kg2 Bxa3 32. Rf2 Qe7 33. Qf3 Rc7 34. Qxd5
Rxd1 35. Rxa3 Qxa3 36. Qd8+ Qf8 37. Qxc7 Qa8+ 38. Kh3 Qe8 39. Rb2 Kh7 40. Rf2
Qe6+ 41. Kg2 Qd5+ 42. Kh3 Qe6+ 43. Kg2 Rxd3 44. Qxf7 Qxe5 45. Qf5+ Qxf5 46.
Rxf5 Rd2+ 47. Kf1 Rxh2 48. Rf3 Ra2 49. Rd3 Ra4 50. Kg2 Kg6 51. Kf3 Kf5 52. Rb3
Ra7 53. Rb5+ Kf6 54. Rb6+ Ke5 55. Rb5+ Kd6 56. Ke4 Kc6 57. Re5 d3 58. Ke3 Kd6
59. Rb5 Ke6 60. g4 Rd7 61. Kd2 Rd4 62. Rb6+ Ke5 63. Rg6 Rd7 64. Ra6 Kf4 65.
Ra4+ Kf3 66. Rb4 Rd6 67. Rb1 Rg6 68. Rf1+ Kxg4 69. Rg1+ Kf5 70. Rf1+ Ke4 71.
Rf8 Rg2+ 72. Kd1 Rg5 73. Re8+ Re5 74. Rg8 Re7 75. Rb8 Rd7 76. Rf8 d2 0-1

[Event "Amagermesterskabet 2009"]
[Site "Sundbyoster"]
[Date "2009.10.06"]
[Round "5"]
[White "Andersen, Henrik Hauge"]
[Black "Madsen, Poul Henrik"]
[Result "0-1"]
[WhiteElo "1731"]
[BlackElo "2015"]
[PlyCount "74"]
[EventDate "2009.??.??"]

1. e4 a6 2. d4 b5 3. c4 Bb7 4. Nc3 b4 5. Nd5 e6 6. Ne3 Bxe4 7. Bd3 Bxd3 8. Qxd3
Nf6 9. Nf3 Be7 10. O-O O-O 11. Re1 d6 12. Bd2 c5 13. d5 e5 14. Nf5 Re8 15.
Nxe7+ Rxe7 16. Bg5 Nbd7 17. Nh4 Qf8 18. Nf5 Ree8 19. Qg3 Kh8 20. Rab1 Ng8 21.
Re4 g6 22. Nh4 Qg7 23. Rbe1 f5 24. R4e2 Ndf6 25. Bc1 a5 26. b3 a4 27. f4 Ne4
28. Qe3 Nc3 29. Rf2 Nf6 30. Nf3 Ng4 31. Qd2 Ne4 32. Qc2 Ngxf2 33. fxe5 dxe5 34.
Bb2 axb3 35. axb3 Ra2 36. Qb1 Rxb2 37. Qxb2 Nd3 0-1

[Event "Amagermesterskabet 2009"]
[Site "Sundbyoster"]
[Date "2009.10.06"]
[Round "5"]
[White "Andreasen, Rene"]
[Black "Mollmann, Erik"]
[Result "1/2-1/2"]
[WhiteElo "1769"]
[BlackElo "1459"]
[PlyCount "72"]
[EventDate "2009.??.??"]

1. d4 d5 2. Nf3 Bf5 3. e3 e6 4. Bd3 Bg6 5. O-O Bd6 6. c4 c6 7. Nc3 Nf6 8. Re1
Ne4 9. Qc2 f5 10. Ne5 Qc7 11. f4 Nd7 12. cxd5 exd5 13. a3 a6 14. b4 O-O 15. Qb3
Nxc3 16. Qxc3 Nf6 17. Qc2 Ne4 18. Bxe4 fxe4 19. Nxg6 hxg6 20. Qe2 Qd7 21. h4
Be7 22. g3 Qh3 23. Qg2 Qg4 24. Kf2 Rf5 25. Rh1 Rh5 26. Bb2 Rf8 27. Rag1 a5 28.
bxa5 Ra8 29. Ke1 Rxa5 30. Qe2 Qc8 31. Kf2 c5 32. dxc5 Rxc5 33. Rc1 b6 34. Qd2
Qg4 35. Qe2 Qd7 36. Qa6 Qg4 1/2-1/2

[Event "Amagermesterskabet 2009"]
[Site "Sundbyoster"]
[Date "2009.10.06"]
[Round "5"]
[White "Friis, Jordy"]
[Black "Justesen, Martin"]
[Result "0-1"]
[WhiteElo "1548"]
[BlackElo "1557"]
[PlyCount "36"]
[EventDate "2009.??.??"]

1. e4 e5 2. Nf3 Nc6 3. Bc4 Nf6 4. d4 d6 5. dxe5 Nxe4 6. Qd5 Be6 7. Qxe4 d5 8.
Bxd5 Qxd5 9. Qxd5 Bxd5 10. Nbd2 Nb4 11. Kd1 O-O-O 12. a3 Nc6 13. Ke2 Bc5 14.
Re1 Nd4+ 15. Nxd4 Bxd4 16. Nf3 Bc4+ 17. Kd1 Bxb2+ 18. Bd2 Bxa1 0-1

[Event "Amagermesterskabet 2009"]
[Site "Sundbyoster"]
[Date "2009.10.06"]
[Round "5"]
[White "Hansen, Benny"]
[Black "Hestehauge, Klaus"]
[Result "1-0"]
[WhiteElo "1218"]
[BlackElo "1925"]
[PlyCount "78"]
[EventDate "2009.??.??"]

1. e4 c6 2. Nc3 d5 3. exd5 cxd5 4. d4 Nf6 5. Be2 e6 6. Nf3 Be7 7. Bg5 Nc6 8. a3
O-O 9. Qd2 a6 10. O-O b5 11. b4 Bb7 12. Rfe1 Rc8 13. Bd3 Qc7 14. Bxf6 Bxf6 15.
Ne2 e5 16. dxe5 Nxe5 17. Nxe5 Bxe5 18. Ng3 Bxa1 19. Rxa1 Qc3 20. Qxc3 Rxc3 21.
Nf5 g6 22. Ne3 Rfc8 23. h3 Kg7 24. a4 Rxd3 25. cxd3 d4 26. Ng4 bxa4 27. Rxa4
Rc1+ 28. Kh2 Rd1 29. b5 axb5 30. Rxd4 Rb1 31. Ne5 Bc8 32. Nc6 Be6 33. Nb4 Kf6
34. Kg3 Ke5 35. Nc6+ Kf6 36. Kf3 Rc1 37. Nb4 Rc5 38. g4 Ke5 39. Ke3 Rc3 1-0